000 00731nam a2200289Ia 4500
005 20260324115352.0
008 008 260324s9999 xx 000 0 eng d
020 _a9780429436529
037 _aEBOOK
040 _aCRL
040 _beng
040 _cCRL
041 _2eng
041 _aeng
084 _qCRL
100 _aAdedeji B. Badiru; S. Abidemi Badiru; I. Adetokunboh Badiru
_91154393
245 0 _aMechanics of Project Management
245 0 _bNuts and Bolts of Project Execution
260 _bTaylor and Francis
260 _c2018
365 _a
365 _b135
856 _uhttp://www.taylorfrancis.com/books/9780429436529
942 _cEBOOK
999 _c1745234
_d1745234